[Event "45th FIDE Chess Olympiad Open"]
[Site "Budapest, Hungary"]
[Date "2024.09.12"]
[Round "2"]
[White "Lavrencic, Matic"]
[Black "Kojima, Shinya"]
[Result "1-0"]
[WhiteElo "2360"]
[BlackElo "2299"]
[PlyCount "55"]
[EventDate "2024.??.??"]
[WhiteTeam "Slovenia"]
[BlackTeam "Japan"]
[WhiteTeamCountry "SLO"]
[BlackTeamCountry "JPN"]
[WhiteClock "0:24:08"]
[BlackClock "0:01:42"]

1. e4 c6 2. d4 d5 3. e5 Bf5 4. Nf3 e6 5. Be2 Nd7 6. Nbd2 a5 7. a4 h6 ({RR} 7... f6 8. O-O fxe5 9. Nxe5 Nxe5 10. dxe5 Bc5 11. Nb3 Bb6 12. Be3 Ne7 13. Bxb6 Qxb6 14. Nd4 O-O 15. Ra3 Qxb2 16. Rb3 Qa2 17. Rxb7 Qa3 18. Bg4 Rab8 19. Rxb8 Rxb8 20. Nxe6 Qxa4 21. Nd4 Be4 22. f3 {0-1 Nepomniachtchi,I (2773)-Paravyan,D (2617) Chess.com Rapid Wk4 KO 2022 (1.1)}) 8. O-O Ne7 9. Nb3 ({RR} 9. c4 Ng6 10. g3 h5 11. h4 Bb4 12. Nb3 dxc4 13. Bxc4 Nb6 14. Bd3 Ne7 15. Kg2 Qd5 16. Bg5 Bg4 17. Bxe7 Bxe7 18. Nbd2 Bb4 19. Be4 Bxf3+ 20. Qxf3 Qxd4 21. Bxc6+ bxc6 22. Qxc6+ Qd7 23. Qxb6 Bxd2 {0-1 Durarbayli,V (2618)-Sahakyan,A (2287) Titled Tue 11th Jun Early 2024 (5)}) 9... Qc7 $146 ({RR} 9... Bh7 10. Bd2 b6 11. c4 dxc4 12. Bxc4 Nd5 13. Ne1 Bb4 14. Qg4 Bg6 15. Bxd5 cxd5 16. Bxb4 axb4 17. Qe2 O-O 18. Qb5 Qe7 19. Nd3 Bxd3 20. Qxd3 f6 21. exf6 Nxf6 22. Rfe1 Qd6 23. f3 Rfc8 24. Re2 {0-1 Sarana,A (2640)-Gusarov,G (2354) Titled Tuesday intern op 20th July blitz 2021 (10)}) 10. Bd2 g5 11. Rc1 Bg7 12. c4 O-O 13. Qe1 b6 14. cxd5 Nxd5 15. h4 gxh4 16. Nxh4 Bh7 17. f4 Rae8 18. f5 exf5 19. Nxf5 Bxf5 20. Rxf5 f6 21. Bc4 Qd8 22. e6 Nb8 23. Qe4 Qd6 24. Re1 Ne7 25. Qg4 Nxf5 26. e7+ Rf7 27. Bxf7+ Kxf7 28. Qh5+ 1-0

[Event "45th FIDE Chess Olympiad Open"]
[Site "Budapest, Hungary"]
[Date "2024.09.12"]
[Round "2"]
[White "Brkic, Ante"]
[Black "Zhakshylykov, Erzhan"]
[Result "1-0"]
[WhiteElo "2642"]
[BlackElo "2327"]
[PlyCount "79"]
[EventDate "2024.??.??"]
[WhiteTeam "Croatia"]
[BlackTeam "Kyrgyzstan"]
[WhiteTeamCountry "CRO"]
[BlackTeamCountry "KGZ"]
[WhiteClock "0:09:48"]
[BlackClock "0:02:08"]

1. e4 e5 2. Nf3 Nc6 3. Bb5 a6 4. Ba4 Nf6 5. O-O Be7 6. Re1 b5 7. Bb3 d6 8. c3 O-O 9. h3 Nb8 10. d4 Nbd7 11. c4 b4 12. c5 Bb7 13. Qc2 exd4 14. c6 d3 15. Qc4 Nb6 16. cxb7 Nxc4 17. bxa8=Q Qxa8 18. Bxc4 Nxe4 19. Nbd2 d5 20. Bxd5 Qxd5 21. Rxe4 Bf6 22. Rxb4 $146 ({RR} 22. Rc4 c5 23. Rb1 Re8 24. b3 Re2 25. a4 Be7 26. Nf1 f5 27. Bd2 Bd6 28. Rd1 f4 29. Ne1 Re4 30. Rdc1 g5 31. Rxe4 Qxe4 32. Nf3 Qe6 33. Rc4 h6 34. Bc1 Qe2 35. N3d2 Qd1 36. Bb2 f3 {0-1 Volchok,A-Kots,Y URS-ch29 Semifinal & UKR-ch30 1961 (13)}) 22... Re8 23. Rc4 Re2 24. a4 Qe6 25. Ra3 Qb6 26. Ne4 Be7 27. Rxd3 f5 28. Be3 Rxe3 29. Rxe3 fxe4 30. Rcxe4 Bf6 31. b3 h6 32. g4 Qc5 33. Kg2 Qd5 34. h4 Kh7 35. g5 hxg5 36. hxg5 Bb2 37. Re6 Qf5 38. R3e4 Ba3 39. g6+ Kg8 40. b4 1-0

[Event "45th FIDE Chess Olympiad Open"]
[Site "Budapest, Hungary"]
[Date "2024.09.12"]
[Round "2"]
[White "Khoroshev, Nikita"]
[Black "Martinovic, Sasa"]
[Result "1/2-1/2"]
[WhiteElo "2355"]
[BlackElo "2563"]
[PlyCount "72"]
[EventDate "2024.??.??"]
[WhiteTeam "Kyrgyzstan"]
[BlackTeam "Croatia"]
[WhiteTeamCountry "KGZ"]
[BlackTeamCountry "CRO"]
[WhiteClock "0:07:02"]
[BlackClock "0:02:15"]

1. d4 Nf6 2. Bf4 d5 3. e3 c5 4. c3 Nc6 5. Nd2 Bf5 6. Qb3 Qd7 7. Ngf3 c4 8. Qd1 e6 9. Be2 b5 10. Nh4 Bd6 11. O-O Bxf4 12. exf4 O-O 13. Re1 $146 ({RR} 13. Nxf5 exf5 14. Nf3 Qd6 15. Ne5 Nd8 16. Qc2 g6 17. g3 Ne6 18. b3 cxb3 19. Qxb3 Ne4 20. Rfc1 Rab8 21. a3 Rfc8 22. Rc2 Rxc3 23. Rxc3 Nxd4 24. Qb2 Nxe2+ 25. Qxe2 Nxc3 26. Qb2 Rc8 27. Kg2 d4 {0-1 Martins,B (2308)-Dias,P (2341) POR-ch Leiria 2022 (6)}) 13... b4 14. Qc1 Rfc8 15. Bd1 Qd6 16. Nxf5 exf5 17. Nf3 Rab8 18. Ne5 g6 19. f3 Rc7 20. Bc2 Ne7 21. g4 Ne8 22. g5 Ng7 23. Kh1 Nh5 24. Ba4 Rbb7 25. Qe3 Kf8 26. cxb4 Rxb4 27. b3 Ng7 28. Rac1 Ne6 29. a3 Rbb7 30. bxc4 dxc4 31. Rxc4 Rxc4 32. Nxc4 Qxd4 33. Qxd4 Nxd4 34. Rd1 Ne6 35. h4 Rc7 36. Ne5 Kg7 1/2-1/2

[Event "45th FIDE Chess Olympiad Open"]
[Site "Budapest, Hungary"]
[Date "2024.09.12"]
[Round "2"]
[White "Livaic, Leon"]
[Black "Orozbaev, Eldiyar"]
[Result "1/2-1/2"]
[WhiteElo "2550"]
[BlackElo "2376"]
[PlyCount "120"]
[EventDate "2024.??.??"]
[WhiteTeam "Croatia"]
[BlackTeam "Kyrgyzstan"]
[WhiteTeamCountry "CRO"]
[BlackTeamCountry "KGZ"]
[WhiteClock "0:01:54"]
[BlackClock "0:14:52"]

1. Nf3 d5 2. g3 Bg4 3. Bg2 e6 4. h3 Bh5 5. c4 c6 6. O-O Nf6 7. d4 Nbd7 8. cxd5 exd5 9. Ne5 Nxe5 10. dxe5 Nd7 $146 ({RR} 10... Ne4 11. Nd2 Nxd2 12. Bxd2 Bc5 13. Rc1 Qe7 14. Kh2 O-O 15. g4 Bg6 16. f4 h6 17. Qe1 Rfe8 18. Qg3 Bh7 19. h4 Rad8 20. g5 hxg5 21. hxg5 Bb4 22. Bxb4 Qxb4 23. f5 Qxb2 24. e6 fxe6 25. g6 {1-0 Nepomniachtchi,I (2766)-Duda,J (2750) Candidates Tournament 2022 (6)}) ({RR} 10... Ne4 11. Nd2 f5 12. exf6 Nxf6 13. Qb3 Qb6 14. e4 Qxb3 15. axb3 dxe4 16. g4 Bg6 17. Ra4 {½-½ Aradhya,G (2412)-Aziz,H (2326) 30th Abu Dhabi Masters 2024 (6.59)}) 11. Nc3 Nxe5 12. g4 Bg6 13. f4 Bc5+ 14. e3 Nc4 15. f5 Qe7 16. Kh1 O-O-O 17. e4 d4 18. Na4 Ne3 19. Bxe3 dxe3 20. Qf3 Bd4 21. Nc3 f6 22. fxg6 hxg6 23. Rae1 Bb6 24. Rxe3 Bxe3 25. Qxe3 Kb8 26. Ne2 Qb4 27. b3 g5 28. Ng3 Qd2 29. Qxd2 Rxd2 30. e5 Rxa2 31. exf6 gxf6 32. Rxf6 Rb2 33. Rf3 Re8 34. Ne4 Rg8 35. Kh2 a5 36. Kg3 Kc7 37. Nc5 b6 38. Na4 Rb1 39. Nc3 Re1 40. Rf7+ Kd6 41. Rf6+ Re6 42. Rxe6+ Kxe6 43. Bxc6 Ke5 44. Bb5 Rh8 45. Bc4 Kd4 46. Nb5+ Kc5 47. Nc3 Rh6 48. Ne4+ Kd4 49. Nxg5 a4 50. bxa4 Kxc4 51. h4 Kd5 52. h5 Rc6 53. Kf4 Rf6+ 54. Ke3 Rf8 55. Nf3 Ra8 56. g5 Ke6 57. Nd4+ Kf7 58. Ke4 Rxa4 59. Kd5 Ra5+ 60. Kc6 Rxg5 1/2-1/2

[Event "45th FIDE Chess Olympiad Open"]
[Site "Budapest, Hungary"]
[Date "2024.09.12"]
[Round "2"]
[White "Abdyzhapar, Asylbek"]
[Black "Stevic, Hrvoje"]
[Result "0-1"]
[WhiteElo "2357"]
[BlackElo "2531"]
[PlyCount "166"]
[EventDate "2024.??.??"]
[WhiteTeam "Kyrgyzstan"]
[BlackTeam "Croatia"]
[WhiteTeamCountry "KGZ"]
[BlackTeamCountry "CRO"]
[WhiteClock "0:09:38"]
[BlackClock "0:06:59"]

1. d4 {Giri,Anish} d5 2. c4 c6 3. Nf3 Nf6 4. Nc3 dxc4 5. a4 Bf5 6. Ne5 Nbd7 7. Nxc4 Nb6 8. Ne5 a5 9. e3 ({RR} 9. f3) 9... Nbd7 10. Bd3 ({RR} 10. Qb3 Nxe5 11. dxe5 Nd7 12. e4 ({RR} 12. Qxb7) 12... Be6 13. Qxb7 Rb8 14. Qa7 Nxe5 15. f4 Nd7 16. f5 Bb3 17. Bf4 Ra8 18. Qb7 e5 19. fxe6 Bxe6) 10... Bxd3 11. Nxd3 Qb6 ({RR} 11... Qc7 12. Qb3 e6 13. e4) 12. O-O ({RR} 12. Ra3 e6 13. Rb3 Bb4 14. O-O c5 15. dxc5 Nxc5 16. Nxc5 Qxc5 17. Na2 O-O 18. Rd3 Rac8 19. Nxb4 Qxb4 20. b3 Qc5 21. Bb2 Qc2 22. Bxf6 Qxd1 23. Rfxd1 gxf6 24. Rd7 b5 25. Ra7 Rc3 26. Rxa5 Rb8 {½-½ Topalov,V (2803)-Wang,Y (2732) Nanjing Pearl Spring 3rd 2010 (4)}) 12... e6 13. Bd2 $146 ({RR} 13. b3 Rd8 14. Qc2 Bd6 15. Ba3 Bxa3 16. Rxa3 O-O 17. Rb1 c5 18. dxc5 Nxc5 19. Nb2 Ng4 20. h3 Ne5 21. Nb5 Ncd3 22. Nxd3 Nxd3 23. Raa1 e5 24. Na3 Qg6 25. Nc4 Rd5 26. Rd1 e4 27. Rd2 Rg5 {0-1 Santiago,Y (2303)-Leitao,R (2629) Santos Paulista Absoluto 2010 (3)}) ({RR} 13. b3 Bd6 14. Nb2 Qc7 15. h3 O-O 16. Nc4 Bb4 17. Bd2 e5 18. Ne2 Bxd2 19. Qxd2 Rfd8 20. Rfd1 Nc5 21. Qc2 exd4 22. Nxd4 Rd5 23. Ne2 Rad8 24. Nf4 Rxd1+ 25. Rxd1 Rxd1+ 26. Qxd1 Nfd7 27. Qc2 b5 {½-½ Nihal,S (2669)-Shevchenko,K (2680) Cluj GP Rapid 2024 (6.2)}) ({RR} 13. b3 Be7 14. Ba3 Bxa3 15. Rxa3 O-O 16. Qb1 Rfd8 17. b4 axb4 18. Nxb4 c5 19. Nc2 cxd4 20. Nxd4 Qxb1 21. Rxb1 Nc5 22. h3 h6 23. Rb5 Nfd7 24. Nb3 Nxb3 25. Raxb3 b6 26. Ra3 Kf8 27. g4 Rdc8 {½-½ Guo,Q (2429)-Huang,Q (2460) CHN Masters (Women) 5th 2015 (1)}) ({RR} 13. b3 Bd6 14. Nb2 Qc7 15. Nc4 Bxh2+ 16. Kh1 Bd6 17. Nxd6+ Qxd6 18. Ba3 Qb8 19. Qd3 Ng4 20. f4 Qd8 21. g3 f5 22. e4 Qf6 23. Kg2 Kf7 24. Rae1 Rhe8 25. exf5 exf5 26. Qc4+ Kg6 27. Qd3 Qf7 {0-1 Amartuvshin,G (2391)-Battulga,N (2403) MGL-ch 59th Murun 2019 (9)}) 13... Be7 14. Rb1 O-O 15. b4 axb4 16. Nxb4 Bxb4 17. Na2 c5 18. dxc5 Nxc5 19. Bxb4 Rfc8 20. Nc3 Qa6 21. Nb5 Nxa4 22. Bd6 Ne8 23. Be7 Nc3 24. Nxc3 Rxc3 25. Qd4 Rc4 26. Qb2 Rb8 27. Qe5 Rbc8 28. h3 h6 29. Rfd1 Qc6 30. Qb2 Rc7 31. Ba3 Nf6 32. Bd6 Rd7 33. Be5 Rc2 34. Qa3 Ne4 35. Qa8+ Kh7 36. Rxd7 Qxd7 37. Qxb7 Qxb7 38. Rxb7 f6 39. Bg3 e5 40. h4 Re2 41. Rb3 Kg6 42. Ra3 h5 43. Kf1 Rb2 44. Ra7 Rb1+ 45. Ke2 Rg1 46. Kf3 Kf5 47. Rxg7 Re1 48. Bh2 Nd2+ 49. Kg3 Rh1 50. f3 Nf1+ 51. Kf2 Nxh2 52. e4+ Ke6 53. Rh7 Ra1 54. Rxh5 Nf1 55. Rh8 Nd2 56. h5 Nc4 57. h6 Nd6 58. g4 Nf7 59. Re8+ Kd7 60. Rb8 Rh1 61. Rb7+ Ke6 62. Rb6+ Nd6 63. Kg3 Rxh6 64. f4 exf4+ 65. Kxf4 Rh1 66. Ra6 Rf1+ 67. Ke3 Rc1 68. Kf4 Rc5 69. Rb6 Re5 70. Kf3 Ke7 71. Rb4 Kf7 72. Rd4 Ne8 73. Rd7+ Kg6 74. Rd8 Ng7 75. Rg8 Kf7 76. Ra8 Ne6 77. Ra4 Kg6 78. Rb4 Nc5 79. Rb5 Ne6 80. Rb4 Ra5 81. Rb6 Ng5+ 82. Ke3 Ra3+ 83. Kd4 Ra4+ 0-1

[Event "45th FIDE Chess Olympiad Open"]
[Site "Budapest, Hungary"]
[Date "2024.09.12"]
[Round "2"]
[White "Saraci, Nderim"]
[Black "Vocaturo, Daniele"]
[Result "1/2-1/2"]
[WhiteElo "2446"]
[BlackElo "2600"]
[PlyCount "60"]
[EventDate "2024.??.??"]
[WhiteTeam "Kosovo"]
[BlackTeam "Italy"]
[WhiteTeamCountry "KOS"]
[BlackTeamCountry "ITA"]
[WhiteClock "0:20:14"]
[BlackClock "0:13:56"]

1. e4 c5 2. Nf3 e6 3. d4 cxd4 4. Nxd4 Nf6 5. Nc3 Nc6 6. Ndb5 Bc5 7. Bf4 O-O 8. Bc7 Qe7 9. Bd6 Bxd6 10. Qxd6 Qd8 11. Qc7 d5 12. exd5 exd5 13. O-O-O d4 14. Bc4 a6 15. Qxd8 Rxd8 16. Nc7 Rb8 17. N3d5 Nxd5 18. Nxd5 Bg4 19. f3 Be6 20. Nb6 Bxc4 21. Nxc4 b5 $146 ({RR} 21... Nb4 22. a3 Rbc8 23. axb4 Rxc4 24. Rhe1 Rxb4 25. Re7 g6 26. Rde1 Rc8 27. Re8+ Rxe8 28. Rxe8+ Kg7 29. Re4 a5 30. b3 b5 31. g4 f5 32. Re7+ Kf6 33. Rxh7 a4 34. bxa4 bxa4 35. h4 Rc4 36. Kd2 {½-½ Fernandez,D (2440)-Perunovic,M (2567) Belgrade Serbia op 2021 (7)}) 22. Nd2 Rbc8 23. a3 a5 24. Kb1 a4 25. Ne4 Ne5 26. Ng3 d3 27. cxd3 Nxd3 28. Ne4 f6 29. Nc3 b4 30. axb4 a3 1/2-1/2

[Event "45th FIDE Chess Olympiad Open"]
[Site "Budapest, Hungary"]
[Date "2024.09.12"]
[Round "2"]
[White "Moroni, Luca Jr"]
[Black "Ondozi, Murtez"]
[Result "1-0"]
[WhiteElo "2558"]
[BlackElo "2371"]
[PlyCount "157"]
[EventDate "2024.??.??"]
[WhiteTeam "Italy"]
[BlackTeam "Kosovo"]
[WhiteTeamCountry "ITA"]
[BlackTeamCountry "KOS"]
[WhiteClock "0:02:50"]
[BlackClock "0:04:41"]

1. c4 c6 2. Nc3 d5 3. d4 Nf6 4. Nf3 e6 5. Bg5 Be7 6. e3 h6 7. Bf4 O-O 8. Rc1 Nbd7 9. cxd5 exd5 10. h3 Re8 11. Bd3 Bb4 $146 ({RR} 11... a6 12. O-O c5 13. Re1 b5 14. dxc5 Nxc5 15. Bb1 Be6 16. Nd4 Rc8 17. Qf3 Bd6 18. Nxe6 fxe6 19. Bxd6 Qxd6 20. Qd1 Rc6 21. b4 Ncd7 22. Ne2 Rxc1 23. Qxc1 Ne5 24. Qc3 Nc4 25. Nf4 e5 26. Ne2 {0-1 Huber,H (1552)-Meier,J (2067) Dortmund Sparkassen op-B 2011 (1)}) 12. a3 Ba5 13. O-O Ne4 14. b4 Nxc3 15. Rxc3 Bc7 16. Bxc7 Qxc7 17. b5 c5 18. dxc5 Nxc5 19. Bb1 Qd6 20. Qd4 b6 21. Rd1 Bb7 22. e4 Rad8 23. e5 Qe7 24. Re3 g6 25. Qf4 Ne6 26. Qxh6 d4 27. Rb3 Bd5 28. Rb4 Bxf3 29. gxf3 Qf8 30. Qh4 Qg7 31. f4 g5 32. fxg5 Qxe5 33. Rb3 Kf8 34. g6 d3 35. Rbxd3 Rxd3 36. Bxd3 fxg6 37. Bxg6 Re7 38. Kh1 Rc7 39. Be4 Rf7 40. Bg6 Rc7 41. a4 Re7 42. Rd3 Rc7 43. Rf3+ Kg8 44. Rg3 Rg7 45. Qe4 Qa1+ 46. Kh2 Qf6 47. Qf5 Qe7 48. Qe5 Nf8 49. Qd5+ Kh8 50. Qd4 Ne6 51. Qe5 Nf8 52. Qc3 Qc7 53. Be4 Qxc3 54. Rxc3 Re7 55. Bd5 Rd7 56. Bf3 Ng6 57. Be4 Ne5 58. f3 Kg7 59. Kg3 Kf6 60. f4 Nf7 61. Rc6+ Ke7 62. h4 Rd4 63. Bc2 Nd8 64. Rc7+ Kd6 65. Rxa7 Rc4 66. Bf5 Ne6 67. Bxe6 Kxe6 68. Kg4 Rc1 69. Rb7 Rg1+ 70. Kf3 Ra1 71. Rxb6+ Kf5 72. Ra6 Ra3+ 73. Ke2 Kxf4 74. Kd2 Ke4 75. Kc2 Rh3 76. Rc6 Kd5 77. Rc3 Rxh4 78. Kb3 Kd6 79. Rc4 1-0

[Event "45th FIDE Chess Olympiad Open"]
[Site "Budapest, Hungary"]
[Date "2024.09.12"]
[Round "2"]
[White "Uruci, Endrit"]
[Black "Sonis, Francesco"]
[Result "1-0"]
[WhiteElo "2348"]
[BlackElo "2554"]
[PlyCount "88"]
[EventDate "2024.??.??"]
[WhiteTeam "Kosovo"]
[BlackTeam "Italy"]
[WhiteTeamCountry "KOS"]
[BlackTeamCountry "ITA"]
[WhiteClock "0:15:24"]
[BlackClock "0:20:39"]

1. e4 {Movsesian,Sergei} c5 2. Nf3 d6 3. Bb5+ Nd7 ({RR} 3... Bd7 4. Bxd7+ Qxd7 5. c4 g6 6. Nc3 Bg7 7. d4 cxd4 8. Nxd4 Nf6 9. h3 O-O 10. O-O a6 11. a4 e6 12. Be3 Rc8 13. b3 Qd8 14. Nde2 Nc6 15. Qd2 Bf8 16. Rfd1) 4. d4 cxd4 5. Qxd4 a6 6. Bxd7+ Bxd7 7. Bg5 Bc6 ({RR} 7... Rc8 8. Nc3 h6 9. Bh4 e5 10. Qd3 g5 11. Bg3 Nf6 12. h4 ({RR} 12. Nd2 b5 13. a4 Qa5 14. O-O bxa4 15. Rfb1) 12... g4 ({RR} 12... Rg8 13. hxg5 hxg5 14. O-O-O Qc7 15. Kb1 b5 16. Rhe1) 13. Nd2 b5 14. a3 Be6 15. O-O Be7 16. Rfd1 Qb6 17. Nf1 Rc4 18. Nd2 ({RR} 18. a4 O-O 19. axb5 axb5 20. Ne3 Rd4 21. Qe2 Nxe4 22. Rxd4 Qxd4 23. Nxe4 Qxe4 24. Ra7 Bf6 25. Qxb5) 18... Rd4 19. Qe3 Qc6 20. Re1 Bd8 21. Nb3 Rc4 ({RR} 21... Bb6 22. Qe2 Rc4) 22. Rad1 {1-0 Movsesian,S (2723)-Topalov,V (2803) Olympiad-39 Khanty-Mansiysk 2010 (10.1)}) 8. Nc3 h6 ({RR} 8... e5 9. Qd3 Be7 10. h4 h6 11. Bxe7 Qxe7 12. O-O-O O-O-O 13. Nd2 b5 14. Nb3 Qc7 15. Rh3 Nf6 16. Nd5 Nxd5 17. exd5 Bd7 18. Rg3 g6 19. Qd2 Qb6 20. Na5 Kb8 21. Qb4 Rc8 22. Rdd3 Qc5 23. Qd2 {0-1 Celik,M (1773)-Banci,D (1643) TUR-chT Clubs 2019 (2.4)}) 9. Bh4 Nf6 $146 ({RR} 9... e5 10. Qd3 g5 11. Bg3 Qa5 12. O-O-O O-O-O 13. Kb1 Nf6 14. Nd2 b5 15. Nd5 Nxd5 16. exd5 Bd7 17. c4 f5 18. f3 Bg7 19. Rc1 Kb8 20. Bf2 e4 21. Qe3 Qc7 22. fxe4 Qb7 23. Nb3 bxc4 24. Rxc4 {1-0 Valle,A (2307)-Lucena,L (2193) Brasilia Almeida Vas Memorial 2nd 2011 (1)}) 10. O-O-O e5 11. Qd3 g5 12. Bg3 b5 13. a3 Qb8 14. Rhe1 Be7 15. Nd5 Bxd5 16. exd5 Nd7 17. Qf5 Qc8 18. Nd4 Nc5 19. Bxe5 O-O 20. Qxc8 Raxc8 21. Nf5 Rfe8 22. Bd4 Bf8 23. Rxe8 Rxe8 24. Bxc5 dxc5 25. d6 Rd8 26. Rd5 Kh7 27. Kd2 Kg6 28. Kd3 Kf6 29. Rxc5 Bxd6 30. Rd5 Bc7 31. Rxd8 Bxd8 32. Nxh6 Kg6 33. Ng4 f5 34. Ne5+ Kf6 35. Nd7+ Ke7 36. Nc5 a5 37. Kd4 Bc7 38. h3 Kd6 39. b4 axb4 40. axb4 Bb6 41. g3 Kc6 42. h4 gxh4 43. gxh4 Bd8 44. h5 Bf6+ 1-0

[Event "45th FIDE Chess Olympiad Open"]
[Site "Budapest, Hungary"]
[Date "2024.09.12"]
[Round "2"]
[White "Brunello, Sabino"]
[Black "Asllani, Muhamet"]
[Result "1-0"]
[WhiteElo "2511"]
[BlackElo "2191"]
[PlyCount "83"]
[EventDate "2024.??.??"]
[WhiteTeam "Italy"]
[BlackTeam "Kosovo"]
[WhiteTeamCountry "ITA"]
[BlackTeamCountry "KOS"]
[WhiteClock "0:01:03"]
[BlackClock "0:39:21"]

1. d4 Nf6 2. c4 e6 3. Nf3 d5 4. Nc3 Be7 5. Bf4 O-O 6. e3 c5 7. Rc1 cxd4 ({RR} 7... Nc6 8. Be2 dxc4 9. dxc5 Qxd1+ 10. Rxd1 Bxc5 11. Bxc4 Bb4 12. O-O Bxc3 13. bxc3 Ne4 14. Rc1 b6 15. Rfd1 Bb7 16. Nd2 Na5 17. Nxe4 Bxe4 18. Ba6 Rfd8 19. Bc7 Rxd1+ 20. Rxd1 Bd5 21. a3 Kf8 22. Rd4 {½-½ Sernecki,F (2372)-Oliinyk,S (2196) Adolf Anderssen Mem 2024 (9.8)}) 8. Nxd4 a6 ({RR} 8... Nbd7 9. Nb3 e5 10. Bg3 Nb6 11. Bxe5 Nxc4 12. Bxc4 dxc4 13. Qxd8 Rxd8 14. Na5 Nd5 15. Nxc4 Nb4 16. O-O Nd3 17. Bc7 Rd7 18. Ne5 Nxc1 19. Nxd7 Nxa2 20. Nd5 Bg5 21. Nc5 b6 22. Ne4 Bb7 23. Nxb6 {1-0 Golubka,P (2452)-Paravyan,D (2647) Titled Arena Apr 3rd blitz 2021}) 9. a3 Nc6 $146 ({RR} 9... Nbd7 10. Bg5 Nb6 11. cxd5 Nbxd5 12. Bc4 Nxc3 13. bxc3 Bxa3 14. Rc2 e5 15. Nf3 Qxd1+ 16. Kxd1 Bg4 17. h3 Bh5 18. Ra2 Ne4 19. Rxa3 Bxf3+ 20. gxf3 Nxf2+ 21. Ke2 Nxh1 22. Bh4 g5 23. Bxg5 Ng3+ 24. Kf2 {0-1 Zapata,T (2035)-Chirivi Castiblanco,J (2052) Pan American-ch U18 Girls 2007 (7)}) ({RR} 9... dxc4 10. Bxc4 b5 11. Ba2 Bb7 12. O-O Nbd7 13. Nf3 Nh5 14. Ne5 Ndf6 15. Bg5 h6 16. Bh4 g6 17. Qc2 Ng7 18. Nxg6 fxg6 19. Qxg6 Nd5 20. Nxd5 exd5 21. Bxe7 Qxe7 22. Qxh6 Rf5 23. Qb6 Rf6 24. Rc7 {0-1 Palasti,F (1989)-Varjas,S (2060) Lakitelek Magyarok op 2011 (7)}) ({RR} 9... Nbd7 10. Bg3 Nc5 11. cxd5 Nxd5 12. Be2 Nxc3 13. Rxc3 Ne4 14. Rc1 Qa5+ 15. Kf1 Nxg3+ 16. hxg3 e5 17. Nf3 Bf5 18. Nh4 Bxh4 19. Rxh4 Rfd8 20. Qb3 h6 21. Qxb7 Rab8 22. Qxa6 Qd2 23. Rhc4 Rxb2 24. R1c3 {0-1 Stan,L (1510)-Dubovyk,A (1785) EU-ch U12 Girls 27th 2017 (5)}) 10. cxd5 exd5 11. Be2 Nxd4 12. Qxd4 Be6 13. O-O Rc8 14. Rfd1 Qa5 15. h3 h6 16. Qa7 Ne4 17. Be5 Bd6 18. Bd4 Nxc3 19. Bxc3 Qc7 20. Qd4 f6 21. Bg4 f5 22. Bf3 Rfd8 23. g3 Bf8 24. Kg2 Qf7 25. h4 Be7 26. Qb6 Bc5 27. Qa5 f4 28. exf4 Qf5 29. Rh1 d4 30. Bb4 Bd5 31. Rxc5 Bxf3+ 32. Kxf3 Qd3+ 33. Kg2 Qe4+ 34. Kh2 Qe2 35. Rxc8 Qxf2+ 36. Kh3 Rxc8 37. Qd5+ Kh8 38. Re1 b6 39. Qd7 Qc2 40. Qxd4 Qf5+ 41. g4 Qf7 42. h5 1-0

[Event "45th FIDE Chess Olympiad Open"]
[Site "Budapest, Hungary"]
[Date "2024.09.12"]
[Round "2"]
[White "Stremavicius, Titas"]
[Black "Atabayev, Saparmyrat"]
[Result "1/2-1/2"]
[WhiteElo "2527"]
[BlackElo "2516"]
[PlyCount "237"]
[EventDate "2024.??.??"]
[WhiteTeam "Lithuania"]
[BlackTeam "Turkmenistan"]
[WhiteTeamCountry "LTU"]
[BlackTeamCountry "TKM"]
[WhiteClock "0:02:12"]
[BlackClock "0:03:05"]

1. Nf3 d5 2. g3 Nf6 3. Bg2 Bg4 4. d4 Nbd7 5. c4 ({RR} 5. Ne5 Be6 6. O-O c6 7. f4 g6 8. Nd2 Bg7 9. h3 h5 10. e3 Nxe5 11. fxe5 Nh7 12. c3 Qd7 13. Kh2 f6 14. exf6 exf6 15. e4 Ng5 16. h4 Nxe4 17. Nxe4 dxe4 18. Bxe4 f5 19. Bg2 O-O {0-1 Vila Gazquez,X (2472)-Fluvia Poyatos,J (2507) Catalunya-chT Gp2 final 2016 (3.1)}) 5... c6 6. h3 Bxf3 7. Bxf3 dxc4 $146 ({RR} 7... e6 8. Nc3 Be7 9. O-O O-O 10. b3 dxc4 11. bxc4 e5 12. e3 Bb4 13. Qb3 Bxc3 14. Qxc3 e4 15. Bg2 Re8 16. a4 c5 17. Rb1 b6 18. Bb2 h6 19. Rfd1 Qc7 20. Ba3 Rac8 21. Rbc1 Qc6 22. a5 {1-0 Ronka,E (2305)-Kuchava,A (2094) Titled Tue 6th Aug Early 2024 (3)}) 8. Nd2 Nb6 9. e3 e5 10. dxe5 Nfd7 11. e6 fxe6 12. Qc2 Ne5 13. Be4 Qf6 14. O-O Bc5 15. Kg2 O-O-O 16. Rb1 Bb4 17. a3 Bxd2 18. Bxd2 Nd3 19. Bc3 e5 20. Ba5 Nc5 21. Bb4 Nxe4 22. Qxe4 Qe6 23. Rbc1 Qd5 24. Qf3 Na4 25. e4 Qe6 26. Qe2 Rd3 27. b3 Rxb3 28. Rxc4 Rd8 29. Rfc1 Kb8 30. Qc2 Rdd3 31. Rd1 Rxg3+ 32. fxg3 Rb2 33. Rd2 Rxc2 34. Rcxc2 Qg6 35. Kh2 Qxe4 36. Bd6+ Kc8 37. Re2 Qg6 38. Bxe5 Nb6 39. Rf2 Nd7 40. Bb2 Kc7 41. Rce2 Kd8 42. Rd2 Kc7 43. Rde2 Kb6 44. Re7 Qd6 45. Rxg7 Nc5 46. Rg4 Nd3 47. Rd4 Qc5 48. Re2 Nxb2 49. Rxb2+ Kc7 50. Rf4 b5 51. a4 Qc3 52. Rfb4 a6 53. R4b3 Qe1 54. axb5 axb5 55. Rc2 b4 56. Rf3 Qe4 57. Rcf2 Kb6 58. Rf4 Qe1 59. h4 c5 60. Rf7 Kb5 61. R2f4 Qe2+ 62. Rf2 Qe4 63. R7f4 Qe1 64. Rf1 Qe6 65. Rf6 Qa2+ 66. R1f2 Qa3 67. Rf8 Qd3 68. R2f3 Qd6 69. R3f6 Qd5 70. Rf5 Qa2+ 71. Rf2 Qa5 72. Rb8+ Kc4 73. Rf4+ Kb3 74. Rf3+ Ka4 75. Rf7 c4 76. Rxh7 c3 77. Rc8 Kb3 78. Rhc7 Qd5 79. Rc5 Qd2+ 80. Kh3 Qd7+ 81. Kg2 Qd2+ 82. Kf3 Qd3+ 83. Kf4 Qd2+ 84. Kf3 Kc2 85. h5 Kd1 86. Ke4 Ke2 87. g4 Qe3+ 88. Kf5 Qd3+ 89. Kg5 Qe3+ 90. Kf5 Kf3 91. Rc4 Qd3+ 92. Kg5 Qd5+ 93. Kf6 Qd6+ 94. Kg7 Qd7+ 95. Kf6 Qd6+ 96. Kg7 Qe7+ 97. Kg6 Qe6+ 98. Kg7 c2 99. Rxc2 Qxg4+ 100. Kh6 Qe6+ 101. Kg5 Qd5+ 102. Kg6 Qd6+ 103. Kg5 Qf4+ 104. Kg6 b3 105. R2c3+ Kf2 106. h6 Qg4+ 107. Kf6 Qh5 108. Kg7 Qg5+ 109. Kh7 Qf5+ 110. Kg7 Qe5+ 111. Kg8 b2 112. Rc2+ Kg1 113. Rc1+ bxc1=Q 114. Rxc1+ Kg2 115. h7 Qg5+ 116. Kf7 Qh6 117. Rh1 Kxh1 118. Kg8 Qxh7+ 119. Kxh7 1/2-1/2